[Event "V Floripa Open 2019"]
[Site "Florianopolis"]
[Date "2019.01.21"]
[Round "1.58"]
[White "Bonvini, Adriana Tonhati"]
[Black "Borges, Wagner da Silva"]
[Result "0-1"]
[WhiteElo "1636"]
[BlackElo "2156"]
[PlyCount "98"]
[EventDate "2019.01.21"]
[EventType "swiss"]
[EventRounds "10"]
[EventCountry "BRA"]

1. e4 c5 2. c3 e6 3. d4 d5 4. e5 Nc6 5. Nf3 Nge7 6. Bd3 Qc7 7. O-O Bd7 8. Re1 cxd4 9. cxd4 Nb4 10. Nc3 Nxd3 11. Qxd3 a6 12. Bg5 h6 13. Bd2 Nc6 14. a3 Na5 15. b4 Nc4 16. Rec1 Be7 17. Ne1 O-O 18. Bf4 Rfc8 19. Qg3 Kh8 20. Nxd5 exd5 21. e6 Qd8 22. exd7 Qxd7 23. Nd3 Qf5 24. Ne5 g5 25. Be3 Bd6 26. f4 Nxe3 27. Qxe3 gxf4 28. Rf1 fxe3 29. Rxf5 Bxe5 30. Rxe5 Re8 31. Rxd5 Re7 32. Kf1 Rc8 33. Rc5 Rd8 34. Re5 Rxe5 35. dxe5 Rd3 36. Ke2 Rb3 37. Ra2 Kg7 38. Kf3 Kg6 39. Re2 Rxa3 40. Rxe3 Rxe3+ 41. Kxe3 Kf5 42. Kd4 b6 43. Kd5 a5 44. bxa5 bxa5 45. Kc5 Kxe5 46. Kb5 Kf4 47. Kxa5 Ke3 48. Kb4 Kf2 49. g4 Kf3 0-1

[Event "V Floripa Open 2019"]
[Site "Florianopolis"]
[Date "2019.01.21"]
[Round "1.59"]
[White "Luz, Arthur Nader"]
[Black "Santana Magalhaes, Amanda Borges"]
[Result "1-0"]
[WhiteElo "2154"]
[BlackElo "1636"]
[PlyCount "62"]
[EventDate "2019.01.21"]
[EventType "swiss"]
[EventRounds "10"]
[EventCountry "BRA"]

1. d4 d5 2. c4 e6 3. Nc3 Nf6 4. cxd5 exd5 5. Bg5 Nbd7 6. e3 Be7 7. Bd3 h6 8. Bh4 O-O 9. Nf3 Nb6 10. Qc2 Be6 11. O-O c6 12. Ne5 Nfd7 13. Bxe7 Qxe7 14. f4 Nxe5 15. dxe5 c5 16. Qf2 f5 17. Rad1 a6 18. Be2 Rad8 19. h3 Kh8 20. Bf3 Rd7 21. b3 Rfd8 22. Ne2 Qf7 23. g4 g6 24. Kh2 Nc8 25. Qh4 Kh7 26. Rg1 Rh8 27. gxf5 Bxf5 28. Ng3 Be6 29. e4 d4 30. f5 gxf5 31. exf5 Rc7 1-0

[Event "V Floripa Open 2019"]
[Site "Florianopolis"]
[Date "2019.01.21"]
[Round "1.60"]
[White "Belle, Diego Leonardo"]
[Black "Do Valle Cardoso, Lucas"]
[Result "0-1"]
[WhiteElo "1633"]
[BlackElo "2143"]
[PlyCount "44"]
[EventDate "2019.01.21"]
[EventType "swiss"]
[EventRounds "10"]
[EventCountry "BRA"]

1. Nf3 Nf6 2. c4 g6 3. Nc3 d5 4. d4 Bg7 5. cxd5 Nxd5 6. e4 Nxc3 7. bxc3 c5 8. Bc4 O-O 9. O-O Qc7 10. Qb3 Nc6 11. Ng5 e6 12. Ba3 Rd8 13. Bxc5 Na5 14. Qb4 Nxc4 15. e5 a5 16. Qxc4 b6 17. Ne4 Ba6 18. Qa4 bxc5 19. Rfc1 cxd4 20. cxd4 Qd7 21. Nf6+ Bxf6 22. exf6 Qxa4 0-1

[Event "V Floripa Open 2019"]
[Site "Florianopolis"]
[Date "2019.01.21"]
[Round "1.61"]
[White "Souza, Rafael Cabral De"]
[Black "Cordeiro, Yan Henrique"]
[Result "0-1"]
[WhiteElo "2142"]
[BlackElo "1631"]
[PlyCount "93"]
[EventDate "2019.01.21"]
[EventType "swiss"]
[EventRounds "10"]
[EventCountry "BRA"]

1. e4 e6 2. d4 d5 3. e5 c5 4. c3 Nc6 5. Nf3 Qb6 6. a3 Bd7 7. b4 cxd4 8. cxd4 Nge7 9. Nc3 Nf5 10. Na4 Qd8 11. Bb2 Be7 12. Bd3 O-O 13. O-O Rc8 14. Rc1 a6 15. Nc5 Bxc5 16. dxc5 Nce7 17. Re1 Bb5 18. Bxb5 axb5 19. Qd3 Qd7 20. Ng5 Ng6 21. g3 Rfd8 22. h4 h6 23. Nh3 b6 24. h5 Nf8 25. g4 Ne7 26. cxb6 Rc4 27. Rxc4 bxc4 28. Qd4 Qb5 29. Qe3 Nd7 30. Bd4 Nc6 31. g5 Nxd4 32. Qxd4 Rf8 33. gxh6 gxh6 34. Kh2 Kh7 35. Qf4 Qxb6 36. Rg1 Qb8 37. Re1 Qa7 38. Re3 Qb8 39. Re1 Qa7 40. Re3 Qb8 41. Kh1 Qc7 42. Re1 Qa7 43. Rg1 Qb8 44. Re1 Qa7 45. a4 Qxa4 46. Rg1 Qa8 47. Qe3 0-1

[Event "V Floripa Open 2019"]
[Site "Florianopolis"]
[Date "2019.01.21"]
[Round "1.62"]
[White "Felix, Luiza de Oliveira"]
[Black "Araujo, Jose Roberto"]
[Result "0-1"]
[WhiteElo "1630"]
[BlackElo "2142"]
[PlyCount "84"]
[EventDate "2019.01.21"]
[EventType "swiss"]
[EventRounds "10"]
[EventCountry "BRA"]

1. c4 Nf6 2. Nf3 g6 3. g3 Bg7 4. Bg2 O-O 5. Nc3 d6 6. O-O e5 7. d3 Nc6 8. Rb1 a5 9. a3 h6 10. b4 axb4 11. axb4 Kh7 12. b5 Ne7 13. Qc2 Nd7 14. Na4 Nc5 15. Nxc5 dxc5 16. Nd2 Ra7 17. Ne4 b6 18. Be3 Bb7 19. Ra1 Rxa1 20. Rxa1 f5 21. Nf6+ Rxf6 22. Bxb7 f4 23. Ra8 Qd6 24. Bd2 Nf5 25. Bc3 fxg3 26. hxg3 h5 27. Qb2 Nd4 28. Bd5 Bh6 29. e3 h4 30. exd4 exd4 31. Be1 hxg3 32. fxg3 Be3+ 33. Kg2 Qe5 34. Qe2 Rf5 35. Bf3 Qf6 36. Qf1 Kg7 37. Qh1 Bh6 38. Bd5 Rh5 39. Qf1 Rh2+ 40. Kg1 Be3+ 41. Bf2 Rxf2 42. Qh3 Rg2+ 0-1

[Event "V Floripa Open 2019"]
[Site "Florianopolis"]
[Date "2019.01.21"]
[Round "1.63"]
[White "Calcado, Acyr Rogerio"]
[Black "De Souza, Lucio Teixeira"]
[Result "1-0"]
[WhiteElo "2141"]
[BlackElo "1626"]
[PlyCount "57"]
[EventDate "2019.01.21"]
[EventType "swiss"]
[EventRounds "10"]
[EventCountry "BRA"]

1. e4 c5 2. Nf3 d6 3. d4 cxd4 4. Nxd4 Nf6 5. Nc3 a6 6. Bg5 e6 7. f4 Be7 8. Qf3 Nbd7 9. O-O-O h6 10. Bh4 Qc7 11. Bf2 Rb8 12. g4 b5 13. Bd3 Bb7 14. h4 Nc5 15. g5 Nxd3+ 16. Rxd3 hxg5 17. hxg5 Rxh1+ 18. Qxh1 Nd7 19. g6 Nf6 20. Qh8+ Bf8 21. Ndxb5 axb5 22. Nxb5 Qc6 23. Nxd6+ Ke7 24. Qh4 Ba6 25. Rc3 Qxc3 26. bxc3 Kxd6 27. e5+ Ke7 28. exf6+ gxf6 29. Bc5+ 1-0

[Event "V Floripa Open 2019"]
[Site "Florianopolis"]
[Date "2019.01.21"]
[Round "1.64"]
[White "Matsura, Eduardo"]
[Black "Moura, Eduardo Eugenio Cha"]
[Result "1/2-1/2"]
[WhiteElo "1624"]
[BlackElo "2134"]
[PlyCount "88"]
[EventDate "2019.01.21"]
[EventType "swiss"]
[EventRounds "10"]
[EventCountry "BRA"]

1. b3 e5 2. Bb2 Nc6 3. g3 d5 4. Bg2 Be6 5. d3 Qd7 6. Nd2 O-O-O 7. Ngf3 f6 8. e3 g5 9. O-O Bh3 10. Ne1 h5 11. Bxh3 Qxh3 12. Qf3 Qe6 13. Qg2 h4 14. g4 h3 15. Qg3 Bc5 16. Kh1 Rh4 17. Nef3 Rh7 18. e4 d4 19. Nc4 Nge7 20. a4 Ng6 21. Ng1 a6 22. a5 Nf4 23. f3 Bb4 24. Qf2 Qe7 25. Ra2 Bc5 26. Ba3 Bxa3 27. Rxa3 Na7 28. Ne2 Nb5 29. Raa1 Nxe2 30. Qxe2 Qc5 31. Qd2 Kd7 32. Nb2 Nc3 33. Na4 Qxa5 34. Nxc3 Qxc3 35. Qxc3 dxc3 36. Ra4 c5 37. Rc4 Kd6 38. Re1 Rc8 39. Rxc3 b5 40. Kg1 a5 41. Kf2 Kc7 42. Kg3 a4 43. bxa4 bxa4 44. Ra3 Rb8 1/2-1/2

[Event "V Floripa Open 2019"]
[Site "Florianopolis"]
[Date "2019.01.21"]
[Round "1.65"]
[White "De Carvalho, Christopher"]
[Black "Da Rocha, Lucas Sampaio"]
[Result "1-0"]
[WhiteElo "2131"]
[BlackElo "1619"]
[PlyCount "29"]
[EventDate "2019.01.21"]
[EventType "swiss"]
[EventRounds "10"]
[EventCountry "BRA"]

1. d4 Nf6 2. Nf3 e6 3. Bf4 c5 4. e3 Nc6 5. c3 d5 6. Nbd2 cxd4 7. exd4 Bd6 8. Bg3 Qc7 9. Bd3 b6 10. Qe2 a6 11. Bxd6 Qxd6 12. Ne5 b5 13. O-O b4 14. f4 a5 15. Nxc6 1-0

[Event "V Floripa Open 2019"]
[Site "Florianopolis"]
[Date "2019.01.21"]
[Round "1.66"]
[White "De Souza, Paulo H. Pinheiro"]
[Black "Pirola, Claudionor Alcides "]
[Result "0-1"]
[WhiteElo "1619"]
[BlackElo "2130"]
[PlyCount "66"]
[EventDate "2019.01.21"]
[EventType "swiss"]
[EventRounds "10"]
[EventCountry "BRA"]

1. c4 Nf6 2. Nc3 g6 3. d3 Bg7 4. Nf3 d6 5. g3 O-O 6. Bg2 Nc6 7. O-O Nh5 8. Rb1 a5 9. a3 f5 10. Nd5 e6 11. Bg5 Qd7 12. Nf4 Nf6 13. Bxf6 Bxf6 14. e3 Qf7 15. Qa4 Bd7 16. Qb3 Ra7 17. Qd1 Kh8 18. b3 g5 19. Ne2 Rg8 20. d4 e5 21. d5 Ne7 22. Re1 f4 23. exf4 gxf4 24. Nc3 b6 25. Ne4 Nf5 26. Bh3 Be7 27. Rb2 Raa8 28. Bxf5 Qxf5 29. Qe2 Raf8 30. Rf1 Rg6 31. Kh1 Rh6 32. Rg1 Qh5 33. Nh4 f3 0-1

[Event "V Floripa Open 2019"]
[Site "Florianopolis"]
[Date "2019.01.21"]
[Round "1.67"]
[White "Dos Santos Junior, Haroldo Cunha"]
[Black "Wilberger, Marcelo"]
[Result "1-0"]
[WhiteElo "2129"]
[BlackElo "1617"]
[PlyCount "45"]
[EventDate "2019.01.21"]
[EventType "swiss"]
[EventRounds "10"]
[EventCountry "BRA"]

1. d4 Nf6 2. Bg5 Ne4 3. Bf4 d5 4. f3 Nf6 5. c4 g6 6. Nc3 Bg7 7. e4 dxe4 8. fxe4 c5 9. d5 e6 10. Nf3 exd5 11. cxd5 O-O 12. Bd3 Re8 13. O-O c4 14. Bc2 Qb6+ 15. Kh1 Ng4 16. Qd2 Qxb2 17. e5 Nf2+ 18. Kg1 Nd3 19. Rab1 Qa3 20. Nb5 Qc5+ 21. Be3 Qe7 22. d6 Qd7 23. Bxd3 1-0

[Event "V Floripa Open 2019"]
[Site "Florianopolis"]
[Date "2019.01.21"]
[Round "1.68"]
[White "Sato, Leticia Miho"]
[Black "Broday, Geovani Allan"]
[Result "0-1"]
[WhiteElo "1613"]
[BlackElo "2129"]
[PlyCount "36"]
[EventDate "2019.01.21"]
[EventType "swiss"]
[EventRounds "10"]
[EventCountry "BRA"]

1. e4 c5 2. Nf3 e6 3. d4 cxd4 4. Nxd4 Nc6 5. Nc3 Qc7 6. Be3 a6 7. a4 Nf6 8. Be2 Bb4 9. f3 d5 10. Qd3 Ne5 11. Qd2 dxe4 12. O-O exf3 13. Nxf3 Neg4 14. Qd4 Nxe3 15. Qxe3 Bc5 16. Nd4 e5 17. Rad1 Be6 18. Kh1 exd4 0-1

[Event "V Floripa Open 2019"]
[Site "Florianopolis"]
[Date "2019.01.21"]
[Round "1.69"]
[White "Osipi, Jair"]
[Black "Souza, Neurismar Da Rocha"]
[Result "1-0"]
[WhiteElo "2126"]
[BlackElo "1612"]
[PlyCount "143"]
[EventDate "2019.01.21"]
[EventType "swiss"]
[EventRounds "10"]
[EventCountry "BRA"]

1. c4 e6 2. g3 Nf6 3. Bg2 d5 4. Nf3 b6 5. O-O Bb7 6. d4 Be7 7. Nbd2 Nbd7 8. b3 O-O 9. Bb2 a5 10. a3 h6 11. Re1 Rc8 12. Ne5 Nxe5 13. dxe5 Nd7 14. cxd5 Bxd5 15. Bxd5 exd5 16. Nf1 Nc5 17. Ne3 c6 18. Nf5 Ne6 19. e3 Kh7 20. Rc1 Qd7 21. Qg4 g6 22. Nd4 c5 23. Nf3 Qb5 24. Nd2 h5 25. Qd1 Rfd8 26. a4 Qd7 27. Qf3 Ng5 28. Qe2 Qf5 29. Red1 Nh3+ 30. Kg2 Ng5 31. h4 Qh3+ 32. Kg1 Ne6 33. Qf3 Qf5 34. Qxf5 gxf5 35. Kf1 Kg6 36. Ke2 f6 37. Nf3 Rc7 38. Rc2 Rcd7 39. Rcd2 Kg7 40. Ba1 Kg6 41. Rd3 Kf7 42. Nd2 fxe5 43. Bxe5 Bf6 44. Bxf6 Kxf6 45. Nc4 Rb8 46. Na3 d4 47. Nb5 Rbd8 48. Na3 Ke7 49. Nc4 Rb7 50. Kf3 Kf6 51. e4 fxe4+ 52. Kxe4 Nc7 53. Rf3+ Kg7 54. Rf5 Rh8 55. Nd6 Ra7 56. Rf7+ Kg6 57. Rf5 Ne8 58. Rg5+ Kf6 59. Nc4 Re7+ 60. Kd3 Re6 61. Rd2 Ng7 62. Re2 Rxe2 63. Kxe2 Re8+ 64. Kd3 Re6 65. Nd2 Kf7 66. Ne4 Rh6 67. Rd5 Ke7 68. f4 Ne8 69. f5 Nc7 70. f6+ Ke8 71. f7+ Kf8 72. Rd8+ 1-0

[Event "V Floripa Open 2019"]
[Site "Florianopolis"]
[Date "2019.01.21"]
[Round "1.70"]
[White "Kikuchi Cadilhac, Mariana Sawae"]
[Black "Fabrega, Enrique"]
[Result "0-1"]
[WhiteElo "1610"]
[BlackElo "2125"]
[PlyCount "80"]
[EventDate "2019.01.21"]
[EventType "swiss"]
[EventRounds "10"]
[EventCountry "BRA"]

1. e4 e5 2. Nf3 Nf6 3. Nxe5 d6 4. Nf3 Nxe4 5. d4 d5 6. Bd3 Bd6 7. O-O O-O 8. Nbd2 Nf6 9. Re1 Nbd7 10. Nf1 Re8 11. Rxe8+ Qxe8 12. Ne3 c6 13. Nf5 Bf8 14. Bf4 Ne4 15. Qe2 Ndf6 16. Ng3 Bg4 17. Re1 Nxg3 18. Qxe8 Rxe8 19. Rxe8 Nxe8 20. Bxg3 Bxf3 21. gxf3 g6 22. Bb8 a6 23. Kf1 Bd6 24. Bxd6 Nxd6 25. Ke2 Kg7 26. Ke3 f5 27. f4 Kf6 28. h4 Kg7 29. Be2 Kf6 30. Bd3 Ke6 31. Be2 b5 32. b3 a5 33. c3 Ne4 34. c4 bxc4 35. bxc4 Nc3 36. cxd5+ cxd5 37. a3 Nb1 38. a4 Nc3 39. Bb5 Nxb5 40. axb5 Kd6 0-1

[Event "V Floripa Open 2019"]
[Site "Florianopolis"]
[Date "2019.01.21"]
[Round "1.71"]
[White "Lopes Fo, Jorge Antonio Ferre"]
[Black "Zampier, Alexandre"]
[Result "1-0"]
[WhiteElo "2122"]
[BlackElo "1610"]
[PlyCount "60"]
[EventDate "2019.01.21"]
[EventType "swiss"]
[EventRounds "10"]
[EventCountry "BRA"]

1. d4 d5 2. c4 Nf6 3. cxd5 Bf5 4. Nc3 a6 5. Qb3 b5 6. f3 Nxd5 7. Qxd5 Nd7 8. Qxf5 e6 9. Qe4 c5 10. e3 cxd4 11. exd4 Rc8 12. Bd2 Nb6 13. a3 Nc4 14. Bxc4 Rxc4 15. Nge2 Be7 16. O-O O-O 17. Be3 b4 18. axb4 Rxb4 19. Rxa6 Rxb2 20. Ra2 Rb4 21. Rfa1 Bf6 22. Ra8 Rb8 23. Rxb8 Qxb8 24. Bf4 Qb6 25. Ra8 g6 26. Rxf8+ Kxf8 27. Bh6+ Ke8 28. Qa8+ Kd7 29. Qa4+ Ke7 30. Qa3+ Ke8 1-0

[Event "V Floripa Open 2019"]
[Site "Florianopolis"]
[Date "2019.01.21"]
[Round "1.72"]
[White "Leffeck, Mateus Bernal"]
[Black "Carstens Dobuchak, Thiago"]
[Result "0-1"]
[WhiteElo "1604"]
[BlackElo "2121"]
[PlyCount "74"]
[EventDate "2019.01.21"]
[EventType "swiss"]
[EventRounds "10"]
[EventCountry "BRA"]

1. c4 e5 2. Nc3 Nf6 3. g3 c6 4. Bg2 Na6 5. e3 d5 6. cxd5 cxd5 7. d4 e4 8. Nge2 Be7 9. O-O O-O 10. Bd2 Bg4 11. Qb3 Qd7 12. Nf4 Rfd8 13. Rfc1 Rac8 14. a3 Nc7 15. Bf1 g5 16. Ng2 Bh3 17. Be2 Bd6 18. Nb5 Nxb5 19. Qxb5 Kf8 20. Bb4 Qxb5 21. Bxd6+ Rxd6 22. Bxb5 Rb6 23. Ba4 Rxb2 24. Rcb1 Rxb1+ 25. Rxb1 Rc7 26. Ne1 Ke7 27. Nc2 Bd7 28. Bb3 Kd6 29. Kf1 Bb5+ 30. Ke1 Bd3 31. Rb2 Nd7 32. Kd2 Nb6 33. Nb4 Bc4 34. Kc3 a5 35. Nc2 a4 36. Bxc4 Nxc4 37. Ra2 Nxa3+ 0-1

[Event "V Floripa Open 2019"]
[Site "Florianopolis"]
[Date "2019.01.21"]
[Round "1.73"]
[White "Poeta, Caio Medeiros"]
[Black "Salvadego, Erika Giovana De O."]
[Result "1-0"]
[WhiteElo "2110"]
[BlackElo "1603"]
[PlyCount "77"]
[EventDate "2019.01.21"]
[EventType "swiss"]
[EventRounds "10"]
[EventCountry "BRA"]

1. d4 d5 2. c4 e6 3. Nf3 Nf6 4. g3 Be7 5. Bg2 O-O 6. O-O dxc4 7. Qc2 a6 8. a4 Bd7 9. Rd1 Bc6 10. Nc3 Nbd7 11. e4 Nb6 12. a5 Nc8 13. Ne5 Na7 14. Nxc4 Nb5 15. d5 Nxc3 16. bxc3 exd5 17. exd5 Bb5 18. Ne3 Qc8 19. Rb1 Bc5 20. c4 Bd7 21. Bb2 Ng4 22. Bd4 Nxe3 23. fxe3 Bxd4 24. Rxd4 c6 25. d6 Qd8 26. Rxb7 Rb8 27. Rc7 Rc8 28. Rxc8 Qxc8 29. c5 Qb7 30. Be4 h6 31. Qb1 Qxb1+ 32. Bxb1 Rb8 33. Bd3 Rb2 34. Re4 Be6 35. Bc4 Bxc4 36. d7 Rb1+ 37. Kf2 Rf1+ 38. Kg2 Rd1 39. Rd4 1-0

[Event "V Floripa Open 2019"]
[Site "Florianopolis"]
[Date "2019.01.21"]
[Round "1.74"]
[White "Pereira Fo, Hildebrando Apoloni"]
[Black "Frois, Vitor Amorim"]
[Result "0-1"]
[WhiteElo "1595"]
[BlackElo "2109"]
[PlyCount "34"]
[EventDate "2019.01.21"]
[EventType "swiss"]
[EventRounds "10"]
[EventCountry "BRA"]

1. c4 Nf6 2. Nf3 c5 3. Nc3 d5 4. cxd5 Nxd5 5. e3 g6 6. Bb5+ Bd7 7. Qa4 Nb6 8. Qc2 Bg7 9. O-O Nc6 10. a3 Rc8 11. b3 a6 12. Be2 O-O 13. Bb2 Bf5 14. d3 Nb4 15. axb4 cxb4 16. Rac1 bxc3 17. e4 cxb2 0-1

[Event "V Floripa Open 2019"]
[Site "Florianopolis"]
[Date "2019.01.21"]
[Round "1.75"]
[White "Riline, Alejandro"]
[Black "De Oliveira, Luca Manoel"]
[Result "1-0"]
[WhiteElo "2107"]
[BlackElo "1593"]
[PlyCount "41"]
[EventDate "2019.01.21"]
[EventType "swiss"]
[EventRounds "10"]
[EventCountry "BRA"]

1. e4 e5 2. Nf3 Nf6 3. Nc3 Nc6 4. d4 Bb4 5. d5 Ne7 6. Qd3 d6 7. Qb5+ c6 8. Qxb4 cxd5 9. Nxd5 Nc6 10. Nxf6+ Qxf6 11. Bb5 O-O 12. Bxc6 bxc6 13. Bg5 Qg6 14. O-O-O c5 15. Qd2 h6 16. Be7 Re8 17. Qxd6 Qxg2 18. Nd2 Qxf2 19. Rhf1 Qe2 20. Rg1 f6 21. Rxg7+ 1-0

[Event "V Floripa Open 2019"]
[Site "Florianopolis"]
[Date "2019.01.21"]
[Round "1.76"]
[White "Parreira, Teodora Ribeiro"]
[Black "Heinechen, Juan"]
[Result "0-1"]
[WhiteElo "1593"]
[BlackElo "2105"]
[PlyCount "92"]
[EventDate "2019.01.21"]
[EventType "swiss"]
[EventRounds "10"]
[EventCountry "BRA"]

1. e4 c5 2. Nf3 Nc6 3. d4 cxd4 4. Nxd4 g6 5. Nc3 Bg7 6. Be3 Nf6 7. Bc4 O-O 8. O-O d6 9. f3 Bd7 10. Qd2 Rc8 11. Bb3 a6 12. Rad1 Na5 13. Bh6 Nc4 14. Bxc4 Rxc4 15. Bxg7 Kxg7 16. Nb3 Qb6+ 17. Qf2 Qc7 18. Nd2 Rc6 19. Qd4 e5 20. Qd3 Qb6+ 21. Kh1 Qxb2 22. Nd5 Qxc2 23. Nb3 Nxd5 24. Qxc2 Rxc2 25. Rxd5 Rxa2 26. Rxd6 Bc6 27. Nc5 Rc8 28. Rfd1 a5 29. h3 b6 30. Nd3 Ba4 31. Rb1 b5 32. Nxe5 b4 33. Nd3 Rd2 34. Rd5 Bc2 35. Rc1 Rxd3 36. Rxd3 Bxd3 37. Rxc8 b3 38. Rb8 Bc2 39. Kg1 a4 40. Kf1 a3 41. Ke2 b2 42. Kd2 b1=Q 43. Rxb1 Bxb1 44. Kc3 a2 45. Kb2 Kf6 46. g3 g5 0-1

[Event "V Floripa Open 2019"]
[Site "Florianopolis"]
[Date "2019.01.21"]
[Round "1.77"]
[White "Diaz, Fernando"]
[Black "Zampronha, Vitor Luis"]
[Result "1-0"]
[WhiteElo "2095"]
[BlackElo "1593"]
[PlyCount "55"]
[EventDate "2019.01.21"]
[EventType "swiss"]
[EventRounds "10"]
[EventCountry "BRA"]

1. e4 c5 2. Nf3 e6 3. c3 Nc6 4. d4 cxd4 5. cxd4 Nf6 6. e5 Nd5 7. a3 d6 8. Bd3 dxe5 9. dxe5 Qc7 10. O-O Nxe5 11. Nxe5 Qxe5 12. Bb5+ Bd7 13. Bxd7+ Kxd7 14. Nc3 Bd6 15. f4 Bc5+ 16. Kh1 Qd6 17. Ne4 Qc6 18. f5 Ke7 19. fxe6 fxe6 20. Bg5+ Ke8 21. Rc1 b6 22. b4 Ne3 23. Qh5+ g6 24. Qf3 Nxf1 25. Nf6+ Kf7 26. Qxc6 h6 27. Rxf1 hxg5 28. Qd7+ 1-0

[Event "V Floripa Open 2019"]
[Site "Florianopolis"]
[Date "2019.01.21"]
[Round "1.78"]
[White "Caporale, Giuseppe Guido"]
[Black "Maia, Jose Eduardo Bastos"]
[Result "0-1"]
[WhiteElo "1592"]
[BlackElo "2087"]
[PlyCount "40"]
[EventDate "2019.01.21"]
[EventType "swiss"]
[EventRounds "10"]
[EventCountry "BRA"]

1. e4 e5 2. Nf3 d6 3. Bc4 c6 4. d3 Be7 5. c3 Nf6 6. O-O O-O 7. Be3 d5 8. exd5 cxd5 9. Bb3 Nc6 10. d4 e4 11. Ne5 Bd6 12. f4 exf3 13. Nxf3 Ng4 14. Bc1 Qc7 15. h3 Nh2 16. Nxh2 Bxh2+ 17. Kh1 Ne7 18. Qf3 Nf5 19. Bf4 Bxf4 20. Qxf4 Ng3+ 0-1

[Event "V Floripa Open 2019"]
[Site "Florianopolis"]
[Date "2019.01.21"]
[Round "1.79"]
[White "Souza Neves, Andrey M."]
[Black "Romais, Rodrigo"]
[Result "1-0"]
[WhiteElo "2086"]
[BlackElo "1591"]
[PlyCount "91"]
[EventDate "2019.01.21"]
[EventType "swiss"]
[EventRounds "10"]
[EventCountry "BRA"]

1. d4 Nf6 2. c4 g6 3. Nc3 d5 4. cxd5 Nxd5 5. e4 Nxc3 6. bxc3 Bg7 7. Be3 c5 8. Qd2 cxd4 9. cxd4 O-O 10. Nf3 Nd7 11. Rd1 Nf6 12. Bd3 e6 13. h3 b6 14. Bh6 Bb7 15. Bxg7 Kxg7 16. Qe3 Rc8 17. Bb1 Ba6 18. Ne5 Qd6 19. Nd3 Qa3 20. O-O Rc3 21. f4 Bb7 22. f5 Bxe4 23. fxe6 fxe6 24. Rxf6 Rxf6 25. Qxe4 Qa4 26. Re1 Qc6 27. Qe5 Qd5 28. Rf1 Qxe5 29. dxe5 Rxf1+ 30. Kxf1 b5 31. Ke2 a5 32. Kd2 Rc4 33. Bc2 a4 34. a3 Kh6 35. Bb1 Kg5 36. g3 Rd4 37. Ba2 Kf5 38. Kc3 Re4 39. g4+ Kg5 40. Bxe6 Kh4 41. Bd5 Re3 42. Kd4 Re2 43. e6 Kxh3 44. Nf4+ Kxg4 45. Nxe2 h5 46. e7 1-0

[Event "V Floripa Open 2019"]
[Site "Florianopolis"]
[Date "2019.01.21"]
[Round "1.80"]
[White "Betti, Dulcineia"]
[Black "Santos Filho, Tadeu Sousa"]
[Result "0-1"]
[WhiteElo "1588"]
[BlackElo "2086"]
[PlyCount "98"]
[EventDate "2019.01.21"]
[EventType "swiss"]
[EventRounds "10"]
[EventCountry "BRA"]

1. e4 e6 2. d4 d5 3. e5 c5 4. c3 Nc6 5. Bb5 Qb6 6. Bxc6+ bxc6 7. Nf3 Ba6 8. Nbd2 cxd4 9. cxd4 c5 10. Nb3 cxd4 11. Qxd4 Qb5 12. Qe3 Bb4+ 13. Bd2 Ne7 14. Nfd4 Qb6 15. a3 Bxd2+ 16. Qxd2 Bc4 17. Qa5 Bxb3 18. Qxb6 axb6 19. Nxb3 Ra4 20. O-O Kd7 21. Rac1 Ng6 22. f4 Nxf4 23. Rc2 f6 24. exf6 gxf6 25. g3 Rg8 26. Kh1 Nh5 27. Rfc1 Ra7 28. Nd4 e5 29. Nb5 Rb7 30. Rc6 d4 31. Rd6+ Ke7 32. Rdc6 Rd8 33. Rc7+ Rxc7 34. Rxc7+ Rd7 35. Rc6 d3 36. Nc3 e4 37. Nxe4 d2 38. Nxd2 Rxd2 39. Rxb6 f5 40. Rb7+ Ke6 41. Rxh7 Nf6 42. Rb7 Nd7 43. a4 Ne5 44. a5 Nf3 45. Rh7 Rxb2 46. a6 Ra2 47. a7 Ke5 48. Rc7 Kd4 49. Rd7+ Ke3 0-1

[Event "V Floripa Open 2019"]
[Site "Florianopolis"]
[Date "2019.01.21"]
[Round "1.81"]
[White "Felix Simoes, Rodrigo"]
[Black "Quaresma, Givanildo Ribeiro"]
[Result "1-0"]
[WhiteElo "2083"]
[BlackElo "1586"]
[PlyCount "55"]
[EventDate "2019.01.21"]
[EventType "swiss"]
[EventRounds "10"]
[EventCountry "BRA"]

1. d4 d5 2. c4 c6 3. cxd5 cxd5 4. Nc3 Nf6 5. Nf3 g6 6. Bf4 Bg7 7. e3 O-O 8. Bd3 Nc6 9. O-O Nb4 10. Bb1 Re8 11. a3 Nc6 12. Bd3 Ng4 13. h3 e5 14. dxe5 Ngxe5 15. Bb5 Nxf3+ 16. Qxf3 d4 17. Rad1 Qf6 18. Nd5 Qf5 19. Nc7 dxe3 20. Nxe8 Nd4 21. Qxe3 Nc2 22. Nxg7 Qxb5 23. Rd8+ Kxg7 24. Bh6+ Kf6 25. Qc3+ Ke7 26. Rfd1 Qc6 27. Bf8+ Ke6 28. R8d6+ 1-0

[Event "V Floripa Open 2019"]
[Site "Florianopolis"]
[Date "2019.01.21"]
[Round "1.82"]
[White "Lima, Vinicius Taishun"]
[Black "Manzi, Luiz Antonio Bardar"]
[Result "0-1"]
[WhiteElo "1585"]
[BlackElo "2077"]
[PlyCount "144"]
[EventDate "2019.01.21"]
[EventType "swiss"]
[EventRounds "10"]
[EventCountry "BRA"]

1. e4 Nf6 2. e5 Nd5 3. c4 Nb6 4. d4 d6 5. exd6 cxd6 6. Be3 g6 7. Nc3 Bg7 8. b3 O-O 9. Rc1 e5 10. d5 f5 11. Bd3 Na6 12. f3 f4 13. Bf2 Qg5 14. Kf1 Bf5 15. Ne4 Qe7 16. Ne2 Nd7 17. N2c3 b6 18. a3 Nac5 19. b4 Nxd3 20. Qxd3 Nf6 21. Qe2 Rac8 22. Ke1 Bxe4 23. Nxe4 Nxe4 24. Qxe4 Qd7 25. Ke2 Qa4 26. Rc3 Rc7 27. h4 Rfc8 28. h5 Qe8 29. hxg6 Qxg6 30. Qxg6 hxg6 31. Rhc1 e4 32. R3c2 e3 33. Bh4 Bh6 34. Bf6 Kf7 35. Bd4 Bg7 36. Bxg7 Kxg7 37. g3 g5 38. gxf4 gxf4 39. Kd3 Re8 40. Re2 Kf6 41. Rh1 Rg8 42. Rh4 Kf5 43. Rh5+ Rg5 44. Rxg5+ Kxg5 45. Rg2+ Kf5 46. Rh2 Re7 47. Ke2 Rg7 48. Rh5+ Rg5 49. Rxg5+ Kxg5 50. a4 a5 51. b5 Kf5 52. Kd3 Ke5 53. Kc3 e2 54. Kd2 Kd4 55. Kxe2 Kxc4 56. Kd2 Kd4 57. Ke2 Kc3 58. Ke1 Kd3 59. Kf1 Ke3 60. Kg1 Kxf3 61. Kf1 Ke4 62. Ke2 Kxd5 63. Kd3 Ke5 64. Kc4 Ke4 65. Kc3 d5 66. Kd2 f3 67. Ke1 Ke3 68. Kd1 f2 69. Kc2 f1=Q 70. Kb2 Kd2 71. Ka2 Kc2 72. Ka3 Qa1# 0-1

[Event "V Floripa Open 2019"]
[Site "Florianopolis"]
[Date "2019.01.21"]
[Round "1.83"]
[White "Soares, Joao Carlos T. C."]
[Black "Ramirez Brizuela, Juan Bartolome"]
[Result "1-0"]
[WhiteElo "2077"]
[BlackElo "1582"]
[PlyCount "67"]
[EventDate "2019.01.21"]
[EventType "swiss"]
[EventRounds "10"]
[EventCountry "BRA"]

1. Nf3 g6 2. d4 Bg7 3. c4 Nf6 4. Nc3 c6 5. e4 d5 6. e5 Ng8 7. Qb3 e6 8. Be3 f6 9. exf6 Nxf6 10. h3 O-O 11. Be2 Qd6 12. Ne5 Nbd7 13. f4 Ne4 14. Nxe4 dxe4 15. O-O Nf6 16. Rad1 b6 17. Qc2 Bb7 18. g4 c5 19. dxc5 Qb8 20. g5 Nd5 21. cxd5 Bxe5 22. fxe5 Qxe5 23. Kg2 Bxd5 24. Qc3 Qxc3 25. Rxf8+ Rxf8 26. bxc3 bxc5 27. Bxc5 Rf5 28. Be3 Bxa2 29. Ra1 Bb3 30. Rxa7 Rd5 31. c4 Rd8 32. c5 Bc2 33. c6 Kf8 34. c7 1-0